书目信息 |
| 题名: |
户外严酷条件下的电气设施 第二部分:一般防护要求
|
|
| 作者: | ;中华人民共和国国家质量监督检验检疫总局 | |
| 分册: | ||
| 出版信息: | 2008.10 |
|
| 页数: | 28页 | |
| 开本: | 20cm | |
| 丛书名: | ||
| 单 册: | ||
| 中图分类: | TM92 | |
| 科图分类: | ||
| 主题词: | 电气化 , 电能--应用 | |
| 电子资源: | ||
| ISBN: | ||
| 000 | 00920nam0 2200229 450 | |
| 001 | 1760540345 | |
| 005 | 20171211164959.20 | |
| 010 | @dCNY33.00 | |
| 100 | @a20170718d2008 ekmy0chiy0110 ea | |
| 101 | 0 | @achi |
| 105 | @aa z 000yy | |
| 200 | @a户外严酷条件下的电气设施 第二部分:一般防护要求@Ahu wai yan ku tiao jian xia de dian qi she shi di er bu fen:yi ban fang hu yao qiu@eGB/T 9089.2-2008@f中华人民共和国国家质量监督检验检疫总局@Fzhong hua ren min gong he guo guo jia zhi liang jian du jian yan jian yi zong ju | |
| 210 | @d2008.10 | |
| 215 | @a28页@d20cm | |
| 517 | 1 | @aGB/T 9089.2-2008 |
| 606 | 0 | @a电气化 |
| 606 | 0 | @a电能@x应用 |
| 690 | @aTM92@v4 | |
| 711 | 02 | @a中华人民共和国国家质量监督检验检疫总局@Azhong hua ren min gong he guo guo jia zhi liang jian du jian yan jian yi zong ju |
| 801 | 0 | @aCN@bhenanchengjian@c20170718 |
| 905 | @aMUSE@dTM92@eG9361 | |
| 906 | @c日成-电气语学院荐购@dCNY18.00@n1@r1 | |
| 户外严酷条件下的电气设施 第二部分:一般防护要求:GB/T 9089.2-2008/中华人民共和国国家质量监督检验检疫总局.-2008.10 |
| 28页;20cm |
| ISBN :CNY33.00 |
| ● |
| 相关链接 |
|
|
|
正题名:户外严酷条件下的电气设施 第二部分:一般防
索取号:TM92/G9361
 
预约/预借
| 序号 | 登录号 | 条形码 | 馆藏地/架位号 | 状态 | 备注 |
| 1 | 1237274 | 212372742 | 电气与控制工程学院资料室/ [索取号:TM92/G9361] | 在馆 |